000 00692nam a2200229Ia 4500
003 OSt
005 20220918184112.0
006 a|||||r|||| 00| 0
007 ta
008 220917b |||||||| |||| 00| 0 eng d
024 _a44,535
037 _cTextual
040 _aARTS
_cARTS
_beng
041 _2eng
_aeng
082 _aO164,1F93,G, 111D5 (EPE)
100 _aSadi Shekh Muslihuddin
_964576
245 0 _aGulistan tr from Persian into English as Rose Garden by L Crammer-Byng
260 _aLahore
_bOrientalia
_c1943
650 _aENGLISH LITERATURE
942 _hO164,1F93,G, 111D5 (EPE)
_cTEXL
_2CC
999 _c175175
_d175175